000 00766nam a2200229Ia 4500
001 16661
003 GE_BSU
008 181216s||||||||xx |||||||||||||| ||und||
040 _cGE_BSU
080 _a82-93:821.353.1-32
100 _aლაბაძე, გოგი
245 _aთამაში
245 _bმოთხრობები საშ. სასკოლო ასაკის ბავშვებისათვის
245 _cრედ.მ.ახვლედიანი.მხ.ტ.შეყილაძე
260 _aთბილისი
260 _bნაკადული
260 _c1969
300 _a187გვ. ; 16სმ.
653 _aთამაში
653 _aმოთხრობები
942 _cBK
999 _c49726
_d49726